| 000 | 01407 a2200193 4500 | ||
|---|---|---|---|
| 999 |
_c26637 _d26637 |
||
| 008 | 230622b ||||| |||| 00| 0 eng d | ||
| 020 |
_a9781138581982 _cRs1995.00 |
||
| 041 | 0 | _aeng | |
| 082 | 0 | 0 |
_a660.2804 _bK649 |
| 100 |
_aKletz, Trevor _95535 |
||
| 245 |
_aHazop & Hazan: Identifying and Assessing Process Industry Hazards / _cTrevor Kletz |
||
| 250 | _a4th ed. | ||
| 260 |
_aNew York: _bTaylor & Francis, _c2023. |
||
| 300 | _axi, 232 p. | ||
| 505 | 0 | _a1.Hazard Identification and Assessment 2.Hazard and Operability Studies (Hazop) Appendix to Chapter 2-Some Accidents That Could Have Been Prevented by Hazard and Operability Studies 3.Hazard Analysis (Hazan) Appendix to Chapter 3- Belt and Braces 4.A Manager's Guide to Hazard Analysis 5.Objections to Hazop and Hazan Appendix to Chapter 5-Limitations on the Application of Quantitative Methods to Railway Travel 6.Sources of Data and Confidence Limits 7.The History of Hazop and Hazan Conclusions Addendum 1-An Atlas of Saftey Thinking Addendum 2-Myths of Hazop and Hazan Index | |
| 520 | _aThis edition provides the basics of applying hazard and operability study (Hazop) and hazard analysis (Hazan). It explains what a Hazop is, who carries it out, when, and how long it should take; points to watch during a Hazop; the stages of Hazard analysis; and pitfalls in Hazan. | ||
| 650 | 0 |
_aChemical engineering _xSafety measures |
|
| 942 |
_2ddc _cBK |
||